Statistiques concernant Anagrammes aléatoires de Pokémons de la 2eme génération

Cliquez ici pour prendre le quiz!

Statistiques générales

  • Ce quiz a été pris 30 fois
  • Le résultat moyen est 10 sur 20

Statistiques - réponses

Pokémon% Correct
Axoloto
100%
Cizayox
100%
Coxyclaque
100%
Entei
100%
Magby
100%
Melo
100%
Natu
100%
Pichu
100%
Qulbutoke
100%
Qwilfish
100%
Steelix
100%
Togepi
100%
Yanma
100%
Zarbi
100%
Cadoizo
83%
Coxy
83%
Malosse
80%
Wattouat
80%
Donphan
75%
Feuforeve
75%
Pharamp
75%
Ymphect
75%
Cochignon
67%
Floravol
67%
Ho-oh
67%
Phanpy
67%
Porygon2
67%
Raikou
67%
Migalos
60%
Nostenfer
60%
Remoraid
60%
Togetic
60%
Tyranocif
60%
Aligatueur
50%
Celebi
50%
Crocrodil
50%
Demanta
50%
Elekid
50%
Feurisson
50%
Germignon
50%
Girafarig
50%
Granbull
50%
Hoothoot
50%
Insolourdo
50%
Joliflor
50%
Kaiminus
50%
Kapoera
50%
Limagma
50%
Loupio
50%
Lugia
50%
Marcacrin
50%
Mimigal
50%
Noctali
50%
Pomdepik
50%
Snubbull
50%
Tarpaud
50%
Toudoudou
50%
Xatu
50%
Airmure
43%
Marill
43%
Noarfang
43%
Capumain
40%
Foretress
40%
Fouinette
40%
Granivol
40%
Scarhino
40%
Azumarill
33%
Caratroc
33%
Corayon
33%
Embrylex
33%
Hyporoi
33%
Scorplane
33%
Simularbre
33%
Suicune
33%
Debugant
29%
Typhlosion
29%
Cornebre
25%
Cotovol
25%
Maraiste
25%
Meganium
25%
Demolosse
17%
Volcaropod
17%
Roigada
14%
Cerfrousse
0%
Ecremeuh
0%
Farfuret
0%
Fouinar
0%
Heliatronc
0%
Hericendre
0%
Lainergie
0%
Lanturn
0%
Leuphorie
0%
Lippouti
0%
Macronium
0%
Mentali
0%
Octillery
0%
Queulorior
0%
Teddiursa
0%
Tournegrin
0%
Ursaring
0%

Distribution des résultats

Percentile par nombre de réponses

% des personnes avec chaque résultat

Votre développement - résultats

Vous n’avez pas pris ce quiz